Dressing the loom (Record no. 10135)

MARC details
000 -CABECERA
campo de control de longitud fija 00878nam a2200277 a 4500
001 - NÚMERO DE CONTROL
campo de control BRL_1323
005 - FECHA Y HORA DE LA ÚLTIMA TRANSACCIÓN
campo de control 20190320211140.0
008 - DATOS DE LONGITUD FIJA--INFORMACIÓN GENERAL
campo de control de longitud fija 060114s1953----u--o######---#000-0#eng-#
041 ## - CÓDIGO DE LENGUA
Código de lengua del texto/banda sonora o título independiente eng
044 ## - CÓDIGO DEL PAÍS DE LA ENTIDAD EDITORA/PRODUCTORA
Código MARC del país u
050 #4 - SIGNATURA TOPOGRÁFICA DE LA BIBLIOTECA DEL CONGRESO
Número de clasificación TT848
Número de documento/Ítem .G73 1953
100 1# - ENTRADA PRINCIPAL--NOMBRE DE PERSONA
Nombre de persona Grae, Ida
9 (RLIN) 26520
245 10 - MENCIÓN DE TÍTULO
Título Dressing the loom
Resto del título a handbook for weavers showing the direct beaming method of warping
Mención de responsabilidad, etc. by Ida Grae ; photographs by Richard Thurman, Dan Grae and Leo Holub.
250 ## - MENCIÓN DE EDICIÓN
Mención de edición 2a ed.
260 ## - PUBLICACIÓN, DISTRIBUCIÓN, ETC.
Lugar de publicación, distribución, etc. McMinnville, Oregon
Nombre del editor, distribuidor, etc. Robin and Russ Handweavers
Fecha de publicación, distribución, etc. 1953
300 ## - DESCRIPCIÓN FÍSICA
Extensión 46 p.
Otras características físicas il., láminas, fotografías
Dimensiones 20 cm.
500 ## - NOTA GENERAL
Nota general Au1598
650 14 - PUNTO DE ACCESO ADICIONAL DE MATERIA--TÉRMINO DE MATERIA
Término de materia o nombre geográfico como elemento de entrada Telares
9 (RLIN) 26521
650 14 - PUNTO DE ACCESO ADICIONAL DE MATERIA--TÉRMINO DE MATERIA
Término de materia o nombre geográfico como elemento de entrada Tejeduría
9 (RLIN) 26522
650 14 - PUNTO DE ACCESO ADICIONAL DE MATERIA--TÉRMINO DE MATERIA
Término de materia o nombre geográfico como elemento de entrada Tejido a mano
9 (RLIN) 26523
700 1# - PUNTO DE ACCESO ADICIONAL--NOMBRE DE PERSONA
Nombre de persona Thurman, Richard
Término indicativo de función/relación il.
9 (RLIN) 26524
700 1# - PUNTO DE ACCESO ADICIONAL--NOMBRE DE PERSONA
Nombre de persona Grae, Dan
Término indicativo de función/relación il.
9 (RLIN) 26525
700 1# - PUNTO DE ACCESO ADICIONAL--NOMBRE DE PERSONA
Nombre de persona Holub, Leo
Término indicativo de función/relación il.
9 (RLIN) 26526
902 ## - CATALOGADOR
Iniciales GRL
942 ## - ELEMENTOS DE PUNTO DE ACCESO ADICIONAL (KOHA)
Fuente del sistema de clasificación o colocación Library of Congress Classification
Tipo de ítem Koha Libros
Holdings
Estado de retiro Estado de pérdida Estado dañado No para préstamo Localización permanente Ubicación/localización actual Fecha de adquisición Número de inventario Total de préstamos Signatura topográfica completa Código de barras Fecha visto por última vez Precio válido a partir de Tipo de ítem Koha
El ejemplar forma parte de la colección y puede ser consultado según las políticas vigentes.       Biblioteca Centro de Estudios Ruth D. Lechuga Biblioteca Centro de Estudios Ruth D. Lechuga 06/01/2014 Au1598   TT848 .G73 1953 (Au1598) GRL01482 22/03/2019 22/03/2019 Libros